书目信息 |
| 题名: |
道教史话
|
|
| 作者: | 王卡 著 | |
| 分册: | ||
| 出版信息: | 北京 中国大百科全书出版社 2000 |
|
| 页数: | 184页 | |
| 开本: | 19cm | |
| 丛书名: | 中华文明史话 | |
| 单 册: | ||
| 中图分类: | B959.2 , Z1 | |
| 科图分类: | ||
| 主题词: | 道教史--中国 , 丛书 | |
| 电子资源: | ||
| ISBN: | 7-5000-6285-0 | |
| 000 | 00812oam2 2200265 450 | |
| 001 | 1537066684 | |
| 005 | 20151110154607.68 | |
| 010 | @a7-5000-6285-0@dCNY10.00 | |
| 100 | @a20001009d2000 em y0chiy0110 ea | |
| 101 | 0 | @achi |
| 102 | @aCN@b110000 | |
| 105 | @ay z 000yd | |
| 200 | 1 | @a道教史话@9dao jiao shi hua@f王卡[著] |
| 210 | @a北京@c中国大百科全书出版社@d2000 | |
| 215 | @a184页@d19cm | |
| 225 | 2 | @a中华文明史话 |
| 330 | @a本书简要介绍先秦到当代道教的发展历史,勾勒出道教产生、兴盛、变革、衰落的发展脉络。涉及的内容包括道家哲学、道教宗派、经书教义、炼养方术等。 | |
| 461 | 0 | @12001 @a中华文明史话 |
| 606 | 0 | @a道教史@y中国 |
| 606 | 0 | @a丛书 |
| 690 | @aB959.2@v5 | |
| 690 | @aZ1@v4 | |
| 701 | 0 | @a王卡@9wang ka@f(1956.12~)@4著 |
| 801 | 0 | @aCN@bTSSF@c20150115 |
| 905 | @aZUCC@dZ1@eJY27:49 | |
| 道教史话/王卡[著].-北京:中国大百科全书出版社,2000 |
| 184页;19cm.-(中华文明史话) |
| ISBN 7-5000-6285-0:CNY10.00 |
| 本书简要介绍先秦到当代道教的发展历史,勾勒出道教产生、兴盛、变革、衰落的发展脉络。涉及的内容包括道家哲学、道教宗派、经书教义、炼养方术等。 |
| ● |
| 相关链接 |
|
|
|
|
正题名:道教史话
索取号:Z1/JY27:49
 
预约/预借
| 序号 | 登录号 | 条形码 | 馆藏地/架位号 | 状态 | 备注 |
| 1 | 7841375 | 278413753 | 学院路分馆/ [索取号:Z1/JY27:49] | 在馆 | |
| 2 | 7841376 | 278413762 | 学院路分馆/ [索取号:Z1/JY27:49] | 在馆 | |
| 3 | 7841377 | 278413771 | 学院路分馆/ [索取号:Z1/JY27:49] | 在馆 | |
| 4 | 7841378 | 278413780 | 学院路分馆/ [索取号:Z1/JY27:49] | 在馆 |